000 01188nam0a22002891 4500
001 rc\763495
005 20250622123405.0
035 _a(NLR Aleph) 006290928
090 _a7148952
_c7148952
100 _a20040301d1985 |||y0rusy50 ca
101 0 _arus
102 _aRU
105 _aa |||||||||
200 1 _aТенденция развития автоклавных процессов в производстве тяжелых цветных металлов за рубежом
210 _aМ.
_cЦНИИ цветмет экономики и информ.
_d1985
215 _a40 с.
_cил.
_d20
225 1 _aПроизводство тяжелых цветных металлов
_eОбзор. информ.
_fЦНИИ экономики и информ. цв. металлургии
_vВып. 7
300 _aНа обл. авт. не указаны
300 _aВ надзаг. также: М-во цв. металлургии СССР
320 _aБиблиогр.: с. 37-39
700 1 _aПыжов
_bС.С.
701 1 _aУрубкова
_bЭ.И.
801 0 _aRU
_bNLR
_gpsbo
801 1 _aRU
_bELAR
_2rusmarc
852 _aNLR
_jП10/5576
942 _cBOOK
980 _aNB